| 000 | 00450nam a2200169Ia 4500 | ||
|---|---|---|---|
| 003 | GCL | ||
| 008 | 140319s9999 xx 000 0 ara d | ||
| 040 |
_aGCL / _cGCL |
||
| 082 | 0 | 4 |
_aد _b050 |
| 100 | 1 | _aاسماعيل شوقى | |
| 245 | 1 | 0 |
_aالعالم بين يديك (اقرا 379 ) / _cاسماعيل شوقى |
| 300 | _a170 | ||
| 490 |
_aاقرأ _v0 |
||
| 650 | 0 | 4 | _aالعالم |
| 650 | 0 | 4 | _aجغرافية العالم |
| 942 |
_2ddc _cBK |
||
| 999 |
_c48796 _d48796 |
||